000 02200nam0a2200481 4500
001 RU\NLR\bibl\1216231
005 20260405153406.0
010 _a5-241-00541-2
_95000
021 _aRU
_b2008-12975
_9709
035 _a(nilc)IZD\MART\2007\39209
035 _a(NLR Aleph) 001202612
090 _a1781668
_c1781668
100 _a20071126d2008 |||y0rusy50 ca
101 0 _arus
_aeng
102 _aRU
105 _ay |||||||||
200 1 _aАнглийский язык
_eкурс перевода
_eкнига для студентов
_fЛ.Ф. Дмитриева, С.Е. Кунцевич, Е.А. Мартинкевич, Н.Ф. Смирнова
205 _a2-е изд.
210 _aМосква
_aРостов-на-Дону
_cМарТ
_d2008
215 _a300, [1] с.
_d20
225 1 _aИн. яз. для профессионалов
225 1 _aEnglish
320 _aБиблиогр.: с. 296-299
606 1 _aАнглийский язык
_jУчебные издания для высших учебных заведений
_xПеревод
_92119670
_3RU\NLR\auth\661280124
610 0 _aАнглийский язык
610 0 _aПеревод
610 0 _aУчебные издания для вузов
686 _a0803
_aАнглийский язык
_2TCC-BG
686 _a080325
_aУчебники для вузов
_2TCC-BG
686 _a81.432.1-7
_vLBC
_2rubbk
686 _aШ143.21-93рус3-77
701 1 _4070
_8rus
_7ca
_aДмитриева
_bЛ. Ф.
_cканд. филол. наук
_gЛидия Филипповна
_3RU\NLR\auth\7764387
_947316
701 1 _4070
_8rus
_7ca
_aКунцевич
_bС. Е.
_gСветлана Евгеньевна
_3RU\NLR\auth\7764394
_947323
701 1 _aМартинкевич
_bЕ. А.
_gЕкатерина Алексеевна
_4070
701 1 _4070
_8rus
_7ca
_aСмирнова
_bН. Ф.
_cканд. филол. наук
_gНеонила Федоровна
_3RU\NLR\auth\7764397
_947326
801 0 _aRU
_bЛИБНЕТ
_c20071126
801 1 _aRU
_bДонская ГПБ
_c20071128
801 2 _aRU
_bNLR
_c20080417
_grcr
830 _aCODE_OF_LIBNET\000032011
942 _cBOOK
980 _aNB